Lexique De La Langue Philosophique D`Ibn Sina, French-Arabic (Record no. 522)

MARC details
000 -LEADER
fixed length control field 00606nam a2200241 a 4500
020 ## - INTERNATIONAL STANDARD BOOK NUMBER
ISBN
082 00 - DEWEY DECIMAL CLASSIFICATION NUMBER
Classification number 492.7344
Author Cutter IBN
100 ## - MAIN ENTRY--AUTHOR NAME
Author name Ibn, Sina
245 ## - TITLE STATEMENT
Title Lexique De La Langue Philosophique D`Ibn Sina, French-Arabic
260 ## - PUBLICATION, DISTRIBUTION, ETC. (IMPRINT)
Place of publication Paris
Name of publisher Desclee De Brouwer
Year of publication 1938
300 ## - PHYSICAL DESCRIPTION
Number of Pages 496p
500 ## - GENERAL NOTE
General note includes index and biblioraphy
505 2# - FORMATTED CONTENTS NOTE
Formatted contents note archives
650 ## - SUBJECT ADDED ENTRY--TOPICAL TERM
Topical Term Dictionary-French-Arabic
942 ## - ADDED ENTRY ELEMENTS (KOHA)
Koha item type Books
700 1# -
-- Ibn, Sina
Holdings
Collection code Home library Current library Date acquired Cost, normal purchase price Full call number Accession Number Koha item type
  Henry Martyn Institute Library Henry Martyn Institute Library 06/07/2007 100.00 492.7344 IBN 01632 Books
                   Copyright © 2026 | Henry Martyn Institute | Hyderabad | TS-500052 | INDIA | Implemented by hmi.edu.in
Hit-Count:

Powered by Koha